| 000 | 01349cam a22003371i 4500 | ||
|---|---|---|---|
| 003 | SA-RiAUC | ||
| 005 | 20241223140555.0 | ||
| 008 | 241030s1987 su g b 00100 ara c | ||
| 040 |
_aSA-RiAUC _bara _cSA-RiAUC _erda |
||
| 050 | 4 | _b.S24 1987 | |
| 050 | 4 | _bS2422. 1987 | |
| 082 | 0 | 4 |
_a228 _qSA-RiAUC |
| 090 |
_a228 _bس ح ا |
||
| 100 | 1 |
_aالسخاوي، علي بن محمد بن عبد الصمد، _d558-643 هجري _eمؤلف. |
|
| 245 | 1 | 0 |
_aجمال القراء وكمال الإقراء / _cلعلم الدين السخاوي علي بن محمد ؛ تحقيق علي حسين البواب. |
| 250 | _aالطبعة الأولى. | ||
| 264 | 1 |
_aمكة المكرمة : _bمكتبة التراث، _c1987 |
|
| 300 |
_a2 مجلد في 2 ؛ _c24 سم |
||
| 336 |
_aنص _btxt _2rdacontent _3كتاب |
||
| 337 |
_aبدون وسيط _bn _2rdamedia |
||
| 338 |
_aمجلد _bnc _2rdacarrier |
||
| 500 | _aيشتمل على كشافات. | ||
| 504 | _aيشتمل على إرجاعات ببليوجرافية. | ||
| 630 | 2 | 7 |
_aالقرآن _xقراءات _2aucut |
| 630 | 2 | 7 |
_aالقرآن _xتجويد _2aucut |
| 630 | 2 | 7 |
_aالقرآن _xفضائل _2aucut |
| 700 | 1 |
_aالبواب، علي حسين، _d1947- _eمحقق. |
|
| 730 | 2 | 2 | _aالقرآن |
| 942 |
_2ddc _cBOOK _n0 |
||
| 949 |
_aSA-JeALM _d241030 _ukhaled123 _n1 |
||
| 999 |
_c1953 _d1953 |
||